|
|
|
|
| LEADER |
03672nam a22004935i 4500 |
| 001 |
978-3-642-33672-0 |
| 003 |
DE-He213 |
| 005 |
20151111041418.0 |
| 007 |
cr nn 008mamaa |
| 008 |
130220s2013 gw | s |||| 0|eng d |
| 020 |
|
|
|a 9783642336720
|9 978-3-642-33672-0
|
| 024 |
7 |
|
|a 10.1007/978-3-642-33672-0
|2 doi
|
| 040 |
|
|
|d GrThAP
|
| 050 |
|
4 |
|a QD410-412.5
|
| 072 |
|
7 |
|a PNND
|2 bicssc
|
| 072 |
|
7 |
|a SCI013040
|2 bisacsh
|
| 082 |
0 |
4 |
|a 547.05
|2 23
|
| 245 |
1 |
0 |
|a Modern Organoaluminum Reagents
|h [electronic resource] :
|b Preparation, Structure, Reactivity and Use /
|c edited by Simon Woodward, Samuel Dagorne.
|
| 264 |
|
1 |
|a Berlin, Heidelberg :
|b Springer Berlin Heidelberg :
|b Imprint: Springer,
|c 2013.
|
| 300 |
|
|
|a XI, 312 p. 131 illus., 42 illus. in color.
|b online resource.
|
| 336 |
|
|
|a text
|b txt
|2 rdacontent
|
| 337 |
|
|
|a computer
|b c
|2 rdamedia
|
| 338 |
|
|
|a online resource
|b cr
|2 rdacarrier
|
| 347 |
|
|
|a text file
|b PDF
|2 rda
|
| 490 |
1 |
|
|a Topics in Organometallic Chemistry,
|x 1436-6002 ;
|v 41
|
| 505 |
0 |
|
|a Janusz Lewiński and Andrew E. H. Wheatley: Simple trivalent organoaluminum species: perspectives on structure, bonding and reactivity -- Stephan Schulz: Organoaluminum complexes with bonds to s-block, p-block, d-block, and f-block metal centers -- Samuel Dagorne and Christophe Fliedel: Low valent organoaluminium (+I, +II) species -- Rudolf Wehmschulte: Organoaluminum species in homogeneous polymerization catalysis -- Paul Knochel, Tobias Blümke, Klaus Groll and Yi-Hung Chen: Preparation of Organoalanes for Organic Synthesis -- Yuki Naganawa and Keiji Maruoka: Reactions Triggered by Lewis Acidic Organoaluminum Species -- Usein M. Dzhemilev and Vladimir A. D'yakonov: Hydro-, Carbo- and Cycloalumination of Unsaturated Compounds -- Andreas Kolb and Paultheo von Zezschwitz: Organoaluminum Couplings to Carbonyls, Imines and Halides -- Oscar Pàmies and Montserrat Diéguez: Conjugate Addition of Organoaluminum Species to Michael Acceptors and Related Processes.
|
| 520 |
|
|
|a Janusz Lewiński and Andrew E. H. Wheatley: Simple trivalent organoaluminum species: perspectives on structure, bonding and reactivity.- Stephan Schulz: Organoaluminum complexes with bonds to s-block, p-block, d-block, and f-block metal centers.- Samuel Dagorne and Christophe Fliedel: Low valent organoaluminium (+I, +II) species.- Rudolf Wehmschulte: Organoaluminum species in homogeneous polymerization catalysis.- Paul Knochel, Tobias Blümke, Klaus Groll and Yi-Hung Chen: Preparation of Organoalanes for Organic Synthesis.- Yuki Naganawa and Keiji Maruoka: Reactions Triggered by Lewis Acidic Organoaluminum Species.- Usein M. Dzhemilev and Vladimir A. D'yakonov: Hydro-, Carbo- and Cycloalumination of Unsaturated Compounds.- Andreas Kolb and Paultheo von Zezschwitz: Organoaluminum Couplings to Carbonyls, Imines and Halides.- Oscar Pàmies and Montserrat Diéguez: Conjugate Addition of Organoaluminum Species to Michael Acceptors and Related Processes.
|
| 650 |
|
0 |
|a Chemistry.
|
| 650 |
|
0 |
|a Organic chemistry.
|
| 650 |
|
0 |
|a Organometallic chemistry.
|
| 650 |
|
0 |
|a Catalysis.
|
| 650 |
1 |
4 |
|a Chemistry.
|
| 650 |
2 |
4 |
|a Organometallic Chemistry.
|
| 650 |
2 |
4 |
|a Catalysis.
|
| 650 |
2 |
4 |
|a Organic Chemistry.
|
| 700 |
1 |
|
|a Woodward, Simon.
|e editor.
|
| 700 |
1 |
|
|a Dagorne, Samuel.
|e editor.
|
| 710 |
2 |
|
|a SpringerLink (Online service)
|
| 773 |
0 |
|
|t Springer eBooks
|
| 776 |
0 |
8 |
|i Printed edition:
|z 9783642336713
|
| 830 |
|
0 |
|a Topics in Organometallic Chemistry,
|x 1436-6002 ;
|v 41
|
| 856 |
4 |
0 |
|u http://dx.doi.org/10.1007/978-3-642-33672-0
|z Full Text via HEAL-Link
|
| 912 |
|
|
|a ZDB-2-CMS
|
| 950 |
|
|
|a Chemistry and Materials Science (Springer-11644)
|